000 01116naa a22002657a 4500
001 BR7806040
003 BR-BrBNA
005 20250714162947.0
007 ta
008 250630b bl.|||m| |||| 00| 0 por d
040 _aBR-BrBNA
_bpor
_cBiblioteca Nacional de Agricultura
041 _a(Pt)
072 _aE70
_b/G514
090 _aE70 BR7806040
100 1 _aLopes, M. de R.
245 1 _aA reducao dos efeitos da incerteza de medio prazo: O papel de um preco minimo plurianual [Brasil]
500 _aA politica de precos minimos estudos tecnicos 1949/1979 Lopes, M. de R. (ed.) Brasilia, DF (Brasil): 1978. p. 211-221 (BR7806040-AMS)
773 0 _tA politica de precos minimos estudos tecnicos 1949/1979
_aLopes, M. de R. (ed.). Comissao de Financiamento da Producao, Brasilia, DF (Brasil)
_wE70 BR7806040
_gBrasilia, DF (Brasil), 1978. p. 211-221
650 _aPOLITICA DE PRECO
650 _aPRECO MINIMO
650 _aMERCADO NACIONAL
490 _aColecao Analise e Pesquisa - Comissao de Financiamento da Producao (Brazil)
_vv. 11
942 _cAMS
_2AGRIS
909 _a202506
_bLúcia
_c55
_dLúcia Elande
999 _c333144
_d333144